| 000 | 00465nam a2200169 4500 | ||
|---|---|---|---|
| 001 | 143492 | ||
| 003 | ES-MaACL | ||
| 005 | 20240627063050.0 | ||
| 007 | t| | ||
| 008 | 070214s1973 sp r ||||1| gao d | ||
| 100 | 1 |
_aSeoane, Luis, _d1910-1979 _9155119 |
|
| 245 | 1 | 0 |
_aComunicacions mesturadas / _cLuis Seoane. |
| 260 |
_aVigo : _bGalaxia, _c1973. |
||
| 300 |
_a249 p. ; _c21 cm. |
||
| 852 |
_aES-MaACL _jC-52452 _bR.85950 |
||
| 999 |
_c143492 _d143492 |
||